1999 Movies - Sudden Death - Statistics

General Stats
  • This quiz has been taken 159 times
  • The average score is 8 of 25
Answers on the Grid
Answers color-coded by a green-red scale on the quiz's grid according to % correct below.
The Talented Mr Ripley
Jurassic Park
The Departed
Donnie Darko
The Matrix
Pretty Woman
Ocean's Eleven
Fight Club
The Blair Witch Project
Sin City
Eyes Wide Shut
The Silence of the Lambs
The Lord of the Rings: The Return of the King
Star Wars: Episode 1 - The Phantom Menace
Magnolia
Fantasia 2000
The Green Mile
A Beautiful Mind
Good Will Hunting
Pulp Fiction
American Pie
The Fifth Element
The Big Lebowski
American Beauty
10 Things I Hate About You
The Sixth Sense
Galaxy Quest
L.A. Confidential
The Mummy
Se7en
Office Space
Being John Malkovich
The Usual Suspects
The Iron Giant
Toy Story 2
Jerry Maguire
Forrest Gump
Election
Never Been Kissed
The Straight Story
The Truman Show
Wild Wild West
Cruel Intentions
Trainspotting
Sleepy Hollow
 
Answer Stats
Answer % Correct
The Matrix
64%
Fight Club
58%
The Talented Mr Ripley
47%
Star Wars: Episode 1 - The Phantom Menace
44%
Eyes Wide Shut
43%
American Beauty
37%
Toy Story 2
35%
The Blair Witch Project
33%
The Sixth Sense
33%
The Green Mile
32%
American Pie
30%
10 Things I Hate About You
26%
Magnolia
25%
Office Space
25%
Being John Malkovich
24%
Cruel Intentions
24%
Fantasia 2000
23%
The Mummy
23%
Sleepy Hollow
22%
Election
20%
The Iron Giant
20%
Wild Wild West
20%
The Straight Story
17%
Never Been Kissed
15%
Galaxy Quest
14%
No matching quizzes found
Score Distribution
Percent of People with Each Score
Percentile by Number Answered
Your Score History
You have not taken this quiz